00447 2200181 4500001002100000005001500021008004100036020001800077035001900095041000700114082000900121090001600130100001800146245002400164260002800188300001900216650003000235INLIS00000000002491920241224131824241224||||||||| | ||| |||| || |  a9786023665020 0010-1224024919 aid0 aNONE a741.5 ERN s0 aerna Fitriani00aSaat Temanku Senang aSolobTiga Anandac2018 a32 hlm.; 24 cm 0aKomik -- cerita bergambar